Top 25 Baby Boy Names in Canada Quiz Stats

 Plays Quiz not verified by Sporcle

Score 0/25 Timer 05:00
0 Plays Today
First Letter of the Name Name % Correct
WWilliam
83.1%
EEthan
81%
NNathan
74.6%
MMatthew
73.2%
JJacob
72.5%
JJack
69%
SSamuel
67.6%
DDaniel
66.9%
AAlex
66.9%
TThomas
63.4%
RRyan
61.3%
NNicolas
58.5%
JJoshua
57.7%
First Letter of the Name Name % Correct
AAdam
57.7%
AAlexander
57%
LLucas
54.9%
NNoah
53.5%
LLiam
53.5%
AAidan
52.8%
BBenjamin
52.1%
EEvan
51.4%
OOwen
48.6%
JJaden
40.8%
LLogan
38%
GGabriel
32.4%

You're not logged in!

Compare scores with friends on all Sporcle quizzes.
OR
Log In

Show Comments

Extras

Top Quizzes Today


Score Distribution

Your Account Isn't Verified!

In order to create a playlist on Sporcle, you need to verify the email address you used during registration. Go to your Sporcle Settings to finish the process.

Report this User

Report this user for behavior that violates our Community Guidelines.

Details: